| 000 | 00477nam a22001697a 4500 | ||
|---|---|---|---|
| 005 | 20260415103608.0 | ||
| 008 | 260415b |||||||| |||| 00| 0 eng d | ||
| 020 | _a978-81-203-3946-0 | ||
| 050 | _aHF 5635 .B67 2010 V.2 | ||
| 100 | _aBOSE,D CHANDRA | ||
| 245 | _aADVANCED ACCOUNTING | ||
| 260 |
_aDELHI _bPHI LEARNING PRIVATE LIMITED _c2010 |
||
| 300 | _aXI,807P ILL | ||
| 500 | _aINCLUDES BIBLOGRAPHIC DESCRIPTIONS | ||
| 650 | _aADVANCED ACCOUNTING | ||
| 942 |
_2lcc _cREF |
||
| 999 |
_c216963 _d216963 |
||